000 00871nam a2200217 4500
001 121184
003 ES-MaACL
005 20230906191715.0
007 t|
008 070214s1984 fr r ||||1| fre d
245 0 0 _aPreuve et raisons áa l'Université de Paris
_b: logique, ontologie et thélogie au XIVe siècle : actes de la table ronde internacionale organisée par le Laboratoire associé au C. N. R. S. nº 152 du 5 au 7 novembre 1981 /
_cedités par Zénon Kaluza et Paul Vignaux.
260 _aParis :
_bJ. Vrin,
_c1984.
300 _a310 p. ;
_c25 cm.
490 1 _aEtudes de philosophie médiévale
700 1 _aKaluza, Zénon.
_967464
700 1 _aVignaux, Paul.
_9114645
710 2 _aCentre d'études des religions du Livre.
_92543
830 0 _aEtudes de philosophie médiévale
_9183352
852 _aES-MaACL
_jL-11859
999 _c121184
_d121184